Matemáticas : 3 primaria

Gespeichert in:
Bibliographische Detailangaben
1. Verfasser: Peña, Míriam
Weitere Verfasser: Aranzubía, Valvanera . Santaolalla, Elsa .
Format: Buch
Sprache:Spanisch
Erschienen: [Boadilla del Monte (Madrid)] : SM, D.L. 2008
Katalog:MANES:  Suchergebnis im Bibliothekskatalog
Schulbuchspezifische Eigenschaften:
Schriftenreihe:Proyecto Tirolina
Tags: Tag hinzufügen
Keine Tags, Fügen Sie den ersten Tag hinzu!
Hinzugefügt zu:09.02.2019
Geändert in:07.05.2025

MARC

LEADER 00000cam a2200000 i 4500
005 20250507134344.0
008 190210s2008 espa fp 000 0 spa d
020 |a 9788467523843 
040 |a uned  |b spa  |c entro-manes 
100 1 |a Peña, Míriam  |9 36345 
245 1 0 |a Matemáticas :   |b 3 primaria /   |c [autoría, Miriam Peña, Valvanera Aranzubía, Elsa Santaolalla ; ilustración, Carole Edet ... (et al.)] 
260 |a [Boadilla del Monte (Madrid)] :   |b SM,   |c D.L. 2008 
300 |a 207 p. :   |b il. 
490 0 |a Proyecto Tirolina 
546 |a España 
561 |5 es-BUNED  |3 L.T.M. 3062  |a España. Fondo Manes UNED  |k MANES 
690 0 |a MATE 
691 0 |a PRI 
700 1 |a Aranzubía, Valvanera .  |9 36346  |a Santaolalla, Elsa .  |9 36347 
942 |2 ddc  |c BK 
999 |c 92508  |d 92508 
999 |c manes:92508  |d 92508